01517nam a2200253 a 450000100100000000500170001000800410002704000250006808200200009310000250011324501360013826000750027430000290034950400740037865000480045265000490050065100580054995201330060795201330074095201330087395201180100695201240112499900150124800000301520200929150316.0090706s1994 dr b 000 0 spa d aDO-SdBNPbspacBNPHU a338.6042aS232e1 aSantana, Julio9956010aEstrategia neoliberal, urbanización y zonas francas industriales :bel caso de Santiago, República Dominicana /cJulio Santana. aSanto Domingo :bFacultad Latinoamericana de Ciencias Sociales,c1994. a132 p. :bmap. ;c19 cm. aIncluye referencias bibliográficas y notas al pie de las páginas. 4aZonas francaszRepública Dominicana98349 4aUrbanizaciónzRepública Dominicana99561 4aRepública DominicanaxCondiciones Económicas9281 001054708DSaGRbGRcHDd2009-07-06iLF1l0o338.6042 S232e p3015-30r2020-06-25te. 3w2020-06-25yLFDSZPréstamo en sala 001054708DSaGRbGRcHDd2009-07-06iLF1l0o338.6042 S232e p3015-40r2020-06-25te. 4w2020-06-25yLFDSZPréstamo en sala 001054708DSaGRbGRcHDd2013-04-15iLF1l0o338.6042 S232e p3015-50r2020-06-25te. 5w2020-06-25yLFDSZPréstamo en sala 0010718PDaPDbPDcHDd2009-07-06iLF1l0o338.6042 S232e p3015-10r2020-06-25w2020-06-25yLFPDZNo se presta 0010718PDaPDbPDcHDd2009-07-06iLF1l0o338.6042 S232e p3015-20r2020-06-25te. 2w2020-06-25yLFPDZNo se presta c2847d2847